000 00334nam a2200157Ia 4500
003 Ost
005 20260225132556.0
008 260225s9999||||xx |||||||||||||| ||und||
040 _cfsic
041 _afre
082 _a440
100 _aJoel Magny
_eAuteur
245 0 _aClaude Chabrol /
245 0 _cJoel Magny
942 _cكتاب
999 _c34475
_d34475